00490nam a2200145 a 450000500170000000800410001702000220005805000220008010000220010224500250012426000350014965000200018499900190020495201210022320140414132104.0100726s19uu xx 00 eng d a978-0-7097-0869-8 aM 398.2bSp9 1993 aSpurgeon, Maureen a365 Bedtime stories. aLondon :bBrown Watson,c1993. aBedtime stories c114531d114531 00104050aMUbMUcMd2010-07-26eBkRewardg475.00l0oM 398.2 Sp9 1993pM6381r2014-04-14 00:00:00w2014-04-14yBK